000 01306 a2200241 4500
003 NUST
005 20221111113734.0
010 _a 92044348
020 _a0201091526
040 _cNust
082 0 0 _a512.13,BIT
100 1 _aBittinger, Marvin L.
_9102565
245 1 0 _aAlgebra and trigonometry /
_cMarvin L. Bittinger, Judith A. Beecher.
250 _a1st ed.
260 _aReading, Mass. :
_bAddison-Wesley,
_cc1991
300 _a653 p.:1 v. (various pagings) :
_bill. (some col.) ;
_c28 cm.
505 _aBasic Concepts of Algebra (Page-1), Equations, Inequalities, and Problem Solving (Page-59), Relations, Functions, and Transformations (Page-123), Linear and Quadratic Functions and Inequalities (Page-173), Polynomial and Rational Functions (Page-217), Exponential and Logarithmic Functions (Page-263), The Trigonometric Functions (Page-303), Trigonometric Identities Inverse Functions and Equations (Page-385), Triangles Vectors and Applications (Page-427), Systems of Equations and Matrices (Page-467), Equations of Second Degree and Their Graphs (Page-533), Sequences, Series and Probability (Page-569).
650 0 _aAlgebra.
_98509
650 0 _aTrigonometry.
_939136
700 1 _aBeecher, Judith A.
_9102566
700 1 _aBittinger, Marvin L.
_9102565
942 _2ddc
_cBK
_k512.13,BIT
999 _c181988
_d181988